000 00603nam a2200241Ia 4500
003 OSt
005 20220924152244.0
006 a|||||r|||| 00| 0
007 ta
008 220923b |||||||| |||| 00| 0 mar d
020 _c15.00
024 _a341697
037 _cTextual
040 _aARTS
_cARTS
_bmar
041 _2mar
_amar
082 _aO155,5N00x, L3
100 _aMadkolkar
_9226236
245 0 _aMaharashatyce vichardhna
260 _c1973
650 _aMARATHI LITERATURE
_938000
942 _hO155,5N00x, L3
_cTEXL
_2CC
999 _c469247
_d469247